| 000 | 00350nam a2200133 a 4500 | ||
|---|---|---|---|
| 005 | 20140412111325.0 | ||
| 008 | 110128s19uu xx 00 eng d | ||
| 050 |
_aM 813'.54 _bL869 1985 |
||
| 100 | _aLorenz, Lee | ||
| 245 |
_aA Weekend in the country / _cLee Lorenz. |
||
| 260 |
_aU.S.A : _bPrentice hall, _c1985. |
||
| 300 | _aunp. | ||
| 999 |
_c104593 _d104593 |
||